000 01842nam a22001577a 4500
999 _c517752
_d517752
008 210727b ||||| |||| 00| 0 eng d
100 _aZhao, Ting and Wu, Zhongsheng
_927981
245 _aCitizen–state collaboration in combating Covid-19 in China: Experiences and lessons from the perspective of co-production
260 _aAmerican Review of Public Administration
300 _a50(6-7), Aug-Oct, 2020: p.777-783
520 _aFrom the perspective of co-production, this article examines how Chinese citizens and governments worked together in fighting against COVID-19 in a health emergency context. Based on observations, as well as analyses of policy documents and self-organization cases, this article shows that Chinese citizens and governments collaborated through three different channels in fighting against the virus, but different channels produced different results. First, through residential committees, Chinese governments successfully mobilized most citizens to comply with stay-at-home orders, contact traced and isolated suspected cases through existing networks within the communities. Second, as a formal channel for state–society interaction during the crisis, government-organized nongovernmental organizations (NGOs) failed in bridging demands of the health system and contributions from citizens. Third, self-organizations emerged as a key informal channel for citizens to fight against the virus. The experiences and lessons learned in this citizen–government collaboration in combating the virus may offer some implications for other settings. – Reproduced
650 _aCitizen–government collaboration, Co-production, Nonprofit organization, self-Organization, China, COVID-19
_925882
773 _aAmerican Review of Public Administration
906 _aNON PROFIT ORGANISATIONS
942 _cAR